[Event "I Festival A"]
[Site "Lodi ITA"]
[Date "2005.06.12"]
[Round "5"]
[White "Cardini, Saverio"]
[Black "Birens, Eric-Andre'"]
[Result "1/2-1/2"]
[WhiteElo "2010"]
[BlackElo "2122"]
[PlyCount "126"]
[EventDate "2005.06.10"]

1. d4 Nf6 2. Nf3 c5 3. e3 g6 4. c3 b6 5. Bd3 Bb7 6. O-O Bg7 7. Nbd2 O-O 8. e4
cxd4 9. cxd4 d6 10. Re1 Nbd7 11. Nc4 b5 12. Ne3 a6 13. Nc2 e5 14. d5 Nc5 15.
Bg5 h6 16. Bxf6 Qxf6 17. Bf1 Rac8 18. Nd2 Rc7 19. Nb3 Na4 20. Rb1 Bc8 21. Nb4
Qg5 22. Bd3 f5 23. f3 f4 24. Na5 h5 25. Qd2 h4 26. Kh1 Bh6 27. Rbc1 Nc5 28. Bf1
Qh5 29. h3 Rg7 30. Nd3 Nxd3 31. Qxd3 Qg5 32. Rc6 Qd8 33. Qc3 Bb7 34. Nxb7 Rxb7
35. Rc1 b4 36. Qc4 a5 37. Qa6 Rd7 38. Bb5 Qe7 39. Qxa5 Ra7 40. Qxb4 Rxa2 41.
Qxd6 Qxd6 42. Rxd6 Rxb2 43. Rxg6+ Kh7 44. Rb6 Rg8 45. Rc7+ Rg7 46. Rxg7+ Kxg7
47. d6 Bg5 48. Rb7+ Kh6 49. Rb8 Bf6 50. Kg1 Rd2 51. d7 Kg7 52. Bc6 Rd6 53. Rc8
Be7 54. Kf1 Kg6 55. Ke2 Kg7 56. Bb5 Rd4 57. Rc4 Rd6 58. Rc3 Rb6 59. Bc6 Rb8 60.
Kf1 Rb1+ 61. Kf2 Rb2+ 62. Kg1 Bd8 63. Rc1 Kf6 1/2-1/2

[Event "I Festival A"]
[Site "Lodi ITA"]
[Date "2005.06.12"]
[Round "5"]
[White "Castrogiovanni, Carlo"]
[Black "Ceccarini, Marco"]
[Result "1-0"]
[WhiteElo "2115"]
[BlackElo "2124"]
[PlyCount "85"]
[EventDate "2005.06.10"]

1. Nf3 d5 2. c4 e6 3. g3 c5 4. Bg2 Nf6 5. O-O Nc6 6. cxd5 exd5 7. d4 Be6 8. Nc3
cxd4 9. Nxd4 Bc5 10. Nxc6 bxc6 11. Bg5 Be7 12. Rc1 O-O 13. Na4 Rc8 14. Qd4 h6
15. Bd2 Nd7 16. Bb4 Bf6 17. Qd2 Re8 18. b3 Bf5 19. e3 Be4 20. Bh3 Ne5 21. Bg2
Nf3+ 22. Bxf3 Bxf3 23. Nc5 Be5 24. Nd3 Qd7 25. Ne1 Be4 26. Bc5 h5 27. f3 Bf5
28. Ng2 Bh3 29. Rfd1 Bxg2 30. Qxg2 Qf5 31. Bxa7 Re6 32. Rxd5 Ra8 33. Ra5 Qd3
34. Qc2 Qd7 35. Rd1 Bd6 36. Bb6 Rxa5 37. Bxa5 Rxe3 38. Qf2 Qe7 39. Rxd6 Re2 40.
Qd4 Rxa2 41. Bc3 Qg5 42. f4 Qg4 43. Qd3 1-0

[Event "I Festival A"]
[Site "Lodi ITA"]
[Date "2005.06.12"]
[Round "5"]
[White "Cecconi, Giovanni Alberto"]
[Black "Zanellato, Lorenzo"]
[Result "1/2-1/2"]
[WhiteElo "2183"]
[BlackElo "2087"]
[PlyCount "68"]
[EventDate "2005.06.10"]

1. d4 d5 2. Bg5 h6 3. Bh4 c6 4. Nf3 Qb6 5. b3 Bf5 6. e3 Nd7 7. Bd3 Bxd3 8. Qxd3
Ngf6 9. Nbd2 e6 10. O-O Bd6 11. c4 Qa6 12. e4 dxe4 13. Nxe4 Be7 14. Ne5 Nxe5
15. dxe5 Nxe4 16. Bxe7 Kxe7 17. Qxe4 Rhd8 18. Qh7 Rg8 19. Rfd1 Qa5 20. Qe4 Rgd8
21. h4 Rxd1+ 22. Rxd1 Rd8 23. Rxd8 Qxd8 24. Qe3 Qd1+ 25. Kh2 b6 26. Qe4 Qd2 27.
Qxc6 Qf4+ 28. g3 Qxf2+ 29. Qg2 Qxg2+ 30. Kxg2 f6 31. Kf3 Kd7 32. Ke4 f5+ 33.
Kf4 g6 34. Ke3 Kc6 1/2-1/2

[Event "I Festival A"]
[Site "Lodi ITA"]
[Date "2005.06.12"]
[Round "5"]
[White "Cedriano, Filippo"]
[Black "Zucconi, Leandro"]
[Result "0-1"]
[WhiteElo "2043"]
[BlackElo "2144"]
[PlyCount "98"]
[EventDate "2005.06.10"]

1. Nf3 Nf6 2. c4 e6 3. g3 b6 4. Bg2 Bb7 5. O-O Be7 6. b3 d5 7. Bb2 Nbd7 8. d4
O-O 9. Nbd2 c5 10. e3 Rc8 11. Rc1 Qc7 12. Qe2 Qb8 13. Rfd1 Rfd8 14. Ne5 cxd4
15. exd4 dxc4 16. Ndxc4 Bxg2 17. Kxg2 Qb7+ 18. Kg1 Rc7 19. Nxd7 Rcxd7 20. Ne5
Rc7 21. Rxc7 Qxc7 22. Rc1 Qb7 23. Nc6 Rd7 24. Nxe7+ Rxe7 25. Qc4 h6 26. b4 Nd5
27. Qc8+ Qxc8 28. Rxc8+ Kh7 29. b5 Rc7 30. Rxc7 Nxc7 31. a4 Nd5 32. Ba3 Nc3 33.
Bd6 Nxa4 34. Bb8 Nc3 35. Bxa7 Ne2+ 36. Kg2 Nxd4 37. Bxb6 Nxb5 38. f4 h5 39. h3
Nc3 40. Bd4 Nd5 41. Kf3 f5 42. g4 hxg4+ 43. hxg4 fxg4+ 44. Kxg4 Nf6+ 45. Kg5
Ne4+ 46. Kg4 Kg6 47. Bxg7 Kxg7 48. f5 e5 49. Kf3 Nd6 0-1

[Event "I Festival A"]
[Site "Lodi ITA"]
[Date "2005.06.12"]
[Round "5"]
[White "Cereda, Loris"]
[Black "Sciortino, Massimo"]
[Result "0-1"]
[WhiteElo "2054"]
[BlackElo "2306"]
[PlyCount "56"]
[EventDate "2005.06.10"]

1. e4 d6 2. d4 Nf6 3. Nd2 g6 4. c3 Bg7 5. Be2 O-O 6. Ngf3 b6 7. O-O Bb7 8. Qc2
Nbd7 9. Re1 c5 10. d5 e6 11. c4 exd5 12. exd5 b5 13. Bd3 bxc4 14. Nxc4 Bxd5 15.
Nxd6 Bxf3 16. gxf3 Nd5 17. Be4 Nb4 18. Qe2 Ne5 19. Nb7 Qc7 20. Be3 Nbd3 21.
Nxc5 Nxc5 22. Bxa8 Rxa8 23. Rac1 Qb7 24. Rxc5 Nxf3+ 25. Kf1 Nxh2+ 26. Kg1 Nf3+
27. Kf1 h5 28. Rec1 Nd4 0-1

[Event "I Festival A"]
[Site "Lodi ITA"]
[Date "2005.06.12"]
[Round "5"]
[White "Damia, Angelo"]
[Black "Brugo, Marco"]
[Result "0-1"]
[WhiteElo "2110"]
[BlackElo "2084"]
[PlyCount "50"]
[EventDate "2005.06.10"]

1. e4 e6 2. d4 d5 3. Nc3 Nf6 4. e5 Nfd7 5. Qh5 a6 6. Nf3 c5 7. Bg5 Qb6 8. O-O-O
Nc6 9. Nxd5 exd5 10. e6 g6 11. exd7+ Bxd7 12. Qh4 Be6 13. Bf6 Be7 14. Bxe7 Nxe7
15. dxc5 Qxc5 16. Qd4 Qxd4 17. Nxd4 Nc6 18. Nxe6 fxe6 19. f4 O-O-O 20. c4 d4
21. g3 Rhe8 22. Bh3 Kc7 23. Rhe1 e5 24. fxe5 Nxe5 25. Bg2 Nd3+ 0-1

[Event "I Festival A"]
[Site "Lodi ITA"]
[Date "2005.06.12"]
[Round "5"]
[White "Dvirnyy, Danyyil"]
[Black "Xia, Jie"]
[Result "1-0"]
[WhiteElo "2120"]
[BlackElo "2110"]
[PlyCount "109"]
[EventDate "2005.06.10"]

1. e4 c5 2. Nc3 a6 3. f4 b5 4. Nf3 Bb7 5. d3 e6 6. Qe2 d6 7. g3 Nd7 8. Bg2 h5
9. h3 Qc7 10. Be3 Ne7 11. Nd1 d5 12. Ng5 Nb6 13. O-O d4 14. Bd2 Nc6 15. Bf3 h4
16. gxh4 Rxh4 17. Be1 Rh6 18. Bg3 O-O-O 19. Qg2 Rg6 20. Bh5 Rf6 21. Nf2 Nb4 22.
Ng4 Rf5 23. Qh2 g6 24. exf5 gxh5 25. Ne5 exf5 26. Ngxf7 Re8 27. Qf2 N4d5 28.
Kh2 Re7 29. Ng5 Bh6 30. Rae1 Ne3 31. Rxe3 dxe3 32. Qxe3 Nd5 33. Qe2 Bxg5 34.
fxg5 f4 35. Rxf4 Nxf4 36. Bxf4 Qc6 37. Kg3 Qd5 38. Qxh5 Qg2+ 39. Kh4 Qf2+ 40.
Bg3 Qd4+ 41. Qg4+ Kd8 42. Qxd4+ cxd4 43. g6 Ke8 44. c3 Kf8 45. Kg5 Bd5 46. a3
dxc3 47. bxc3 Rc7 48. c4 bxc4 49. Nxc4 Rc6 50. Ne3 Be6 51. h4 Rc3 52. h5 Rxd3
53. Bf4 Rc3 54. h6 Bg8 55. h7 1-0

[Event "I Festival A"]
[Site "Lodi ITA"]
[Date "2005.06.12"]
[Round "5"]
[White "Farachi, Francesco"]
[Black "Bartolozzi, Roberto"]
[Result "1-0"]
[WhiteElo "2107"]
[BlackElo "2126"]
[PlyCount "99"]
[EventDate "2005.06.10"]

1. e4 e6 2. d4 d5 3. Nc3 Bb4 4. Qg4 Nf6 5. Qxg7 Rg8 6. Qh6 Rg6 7. Qh4 Rg4 8.
Qh6 Rg6 9. Qe3 Bxc3+ 10. bxc3 dxe4 11. Ne2 b6 12. Ng3 Bb7 13. Bb5+ Nbd7 14. a4
h5 15. O-O c6 16. Be2 h4 17. Nxe4 Qc7 18. Nxf6+ Nxf6 19. Bf3 O-O-O 20. Qf4 Qxf4
21. Bxf4 Nd5 22. Bd2 Ba6 23. Rfe1 Rdg8 24. h3 Bc4 25. Re4 f5 26. Rxh4 a5 27.
Kh2 Kb7 28. Rh7+ Ka6 29. g3 b5 30. axb5+ cxb5 31. Bxd5 exd5 32. Rf7 a4 33. Rxf5
Re8 34. Re5 Rf8 35. Bf4 Rgf6 36. Be3 Kb6 37. f4 Kc6 38. g4 Be2 39. g5 Rd6 40.
Re1 Bh5 41. h4 Bg4 42. Kg3 Bf5 43. Bc1 Rd7 44. Ba3 Rff7 45. R1e2 Be4 46. h5 Rh7
47. g6 Rdg7 48. Kg4 Bxg6 49. Re6+ Kd7 50. hxg6 1-0

[Event "I Festival A"]
[Site "Lodi ITA"]
[Date "2005.06.12"]
[Round "5"]
[White "Frigieri, Fabrizio"]
[Black "Corsino, Gianluca"]
[Result "1-0"]
[WhiteElo "2072"]
[BlackElo "2053"]
[PlyCount "75"]
[EventDate "2005.06.10"]

1. e4 c5 2. Nf3 d6 3. d4 cxd4 4. Nxd4 Nf6 5. Nc3 g6 6. Be3 Bg7 7. f3 O-O 8. Bc4
Nc6 9. Bb3 Bd7 10. Qd2 Rc8 11. O-O-O Ne5 12. h4 Nc4 13. Bxc4 Rxc4 14. Kb1 b5
15. g4 b4 16. Nce2 a5 17. h5 a4 18. hxg6 fxg6 19. g5 Nh5 20. Nf5 Be6 21. Nxg7
Nxg7 22. Nf4 Bf7 23. e5 d5 24. Qh2 Nh5 25. e6 Rxf4 26. Bxf4 Bxe6 27. Bc7 Qc8
28. Qe5 Rf5 29. Qe3 Qxc7 30. Qxe6+ Kf8 31. Rxd5 Ng7 32. Rxf5+ Nxf5 33. Rxh7
Qxc2+ 34. Kxc2 Nd4+ 35. Kd3 Nxe6 36. Rh1 Nxg5 37. Rg1 Nxf3 38. Rf1 1-0

[Event "I Festival A"]
[Site "Lodi ITA"]
[Date "2005.06.12"]
[Round "5"]
[White "Galassi, Federico"]
[Black "Rogulj, Branko"]
[Result "0-1"]
[WhiteElo "2210"]
[BlackElo "2382"]
[PlyCount "98"]
[EventDate "2005.06.10"]

1. e4 e5 2. Nf3 Nc6 3. d4 exd4 4. Nxd4 Nf6 5. Nxc6 bxc6 6. e5 Qe7 7. Qe2 Nd5 8.
c4 Nb6 9. Nc3 a5 10. Qe4 a4 11. Bd3 g6 12. O-O Ra5 13. f4 Ba6 14. Be3 Qb4 15.
Kh1 a3 16. b3 Qxc3 17. Bd4 Qb4 18. e6 Rg8 19. exf7+ Kxf7 20. f5 gxf5 21. Qh4
Ke8 22. Rae1+ Be7 23. Bf6 Nc8 24. Qh5+ Kd8 25. Qxh7 Rf8 26. Bg7 Re8 27. Bxf5
Rxf5 28. Qxf5 Bb7 29. Bf6 Bxf6 30. Qxf6+ Ne7 31. Re2 Qd6 32. Qxd6 cxd6 33. Rfe1
c5 34. h4 d5 35. h5 d4 36. h6 d3 37. Rd2 Rh8 38. Rxd3 Rxh6+ 39. Kg1 Rg6 40. g3
Nf5 41. Kf2 Nd4 42. Re5 d6 43. Rh5 Rf6+ 44. Ke1 Be4 45. Rd1 Kd7 46. Rh8 Nc2+
47. Kd2 Rf2+ 48. Kc3 Nd4 49. Rxd4 Rc2# 0-1

[Event "I Festival A"]
[Site "Lodi ITA"]
[Date "2005.06.12"]
[Round "5"]
[White "Gasperi, Fosco"]
[Black "Santurbano, Maria Vincenza"]
[Result "0-1"]
[WhiteElo "2168"]
[BlackElo "2043"]
[PlyCount "94"]
[EventDate "2005.06.10"]

1. d4 Nf6 2. c4 c5 3. d5 d6 4. Nc3 e6 5. e4 exd5 6. cxd5 g6 7. f4 Bg7 8. Bb5+
Nfd7 9. a4 O-O 10. Nf3 a6 11. Be2 Re8 12. O-O Nf6 13. e5 dxe5 14. fxe5 Ng4 15.
Bf4 Nxe5 16. Qd2 Nbd7 17. d6 Rb8 18. Rad1 Nxf3+ 19. Bxf3 Ne5 20. Kh1 Bd7 21.
Bd5 Be6 22. Ne4 Nd7 23. Ng5 Bxd5 24. Qxd5 Rf8 25. Bg3 Bf6 26. Ne4 Bd4 27. Bf4
Qc8 28. Rde1 Qc6 29. Qb3 c4 30. Qc2 Rfe8 31. Re2 b5 32. Rfe1 b4 33. Qd2 Bg7 34.
Ng5 Rxe2 35. Qxe2 h6 36. Nf3 c3 37. bxc3 bxc3 38. h3 c2 39. Qe7 Rb1 40. Bc1 Nf8
41. Qc7 Qxa4 42. Bd2 Rxe1+ 43. Nxe1 Qb5 44. Qxc2 Qf1+ 45. Kh2 Be5+ 46. g3 Qf2+
47. Ng2 Bxg3+ 0-1

[Event "I Festival A"]
[Site "Lodi ITA"]
[Date "2005.06.12"]
[Round "5"]
[White "Giannetta, Paolo"]
[Black "Bonagura, Stefano"]
[Result "1/2-1/2"]
[WhiteElo "2045"]
[BlackElo "2018"]
[PlyCount "95"]
[EventDate "2005.06.10"]

1. d4 Nf6 2. c4 g6 3. Nc3 Bg7 4. e4 d6 5. f4 O-O 6. Nf3 Nbd7 7. e5 Ne8 8. Be3
c5 9. Qd2 Nc7 10. exd6 exd6 11. dxc5 Nxc5 12. Be2 Qe7 13. Bxc5 dxc5 14. O-O Re8
15. Rfe1 Qe3+ 16. Qxe3 Rxe3 17. Ne5 Bxe5 18. fxe5 Rxe5 19. Bf3 Rxe1+ 20. Rxe1
Be6 21. Re5 Rd8 22. Rxc5 Na6 23. Ra5 Bxc4 24. Bxb7 Nb8 25. Rc5 Be6 26. Ra5 Rd2
27. b3 Rd3 28. Rxa7 Rxc3 29. Ra8 Rc1+ 30. Kf2 Rc2+ 31. Kg3 Kg7 32. Rxb8 Rxa2
33. Bc8 Bd5 34. Bh3 Ra3 35. Kf4 Rxb3 36. Rxb3 Bxb3 37. g4 Be6 38. Bf1 h5 39.
gxh5 gxh5 40. Be2 h4 41. Kg5 h3 42. Bg4 Bxg4 43. Kxg4 Kg6 44. Kxh3 Kh5 45. Kg3
Kg5 46. Kf3 Kf5 47. h3 Kg5 48. Kg3 1/2-1/2

[Event "I Festival A"]
[Site "Lodi ITA"]
[Date "2005.06.12"]
[Round "5"]
[White "Giretti Kanev, Jasen"]
[Black "Naumkin, Igor"]
[Result "0-1"]
[WhiteElo "2166"]
[BlackElo "2412"]
[PlyCount "86"]
[EventDate "2005.06.10"]

1. d4 e6 2. Nf3 f5 3. d5 Nf6 4. dxe6 d5 5. Ng5 Qe7 6. Nc3 Bxe6 7. Nxe6 Qxe6 8.
Nb5 Qd7 9. e3 Nc6 10. Nd4 Nxd4 11. Qxd4 Bd6 12. Be2 O-O 13. O-O Kh8 14. g3 Rae8
15. Bf3 c5 16. Qd3 c4 17. Qd1 Be5 18. Rb1 Ne4 19. Bd2 Rf6 20. Bc3 Bxc3 21. Bxe4
fxe4 22. bxc3 Ref8 23. f4 exf3 24. Rf2 Qe6 25. Qd4 b6 26. Rd1 Rf5 27. a4 Re5
28. a5 Rxe3 29. axb6 axb6 30. Rb1 h6 31. h4 Rf6 32. Rbf1 Qh3 33. Qxe3 Qxg3+ 34.
Kh1 Qh3+ 35. Rh2 Qxf1+ 36. Qg1 Qxg1+ 37. Kxg1 Re6 38. h5 Re3 39. Rd2 Rxc3 40.
Kf2 b5 41. Kg3 b4 42. Kf4 d4 43. Rxd4 f2 0-1

[Event "I Festival A"]
[Site "Lodi ITA"]
[Date "2005.06.12"]
[Round "5"]
[White "Jurkovic, Ante"]
[Black "Drazic, Sinisa"]
[Result "1/2-1/2"]
[WhiteElo "2336"]
[BlackElo "2495"]
[PlyCount "150"]
[EventDate "2005.06.10"]

1. e4 e6 2. d4 d5 3. exd5 exd5 4. Nf3 Nf6 5. Bd3 c5 6. c3 Nc6 7. O-O cxd4 8.
cxd4 Be7 9. h3 Ne4 10. Nc3 Nxc3 11. bxc3 O-O 12. Re1 Be6 13. Qc2 h6 14. Bf4 Bd6
15. Qd2 Bxf4 16. Qxf4 Rc8 17. Re3 Kh8 18. Rc1 Qc7 19. Qh4 Qd8 20. Qf4 Qc7 21.
Qh4 Qd8 22. Qh5 Kg8 23. g4 Qf6 24. g5 Qf4 25. gxh6 Qxh6 26. Qxh6 gxh6 27. Kh2
Kh8 28. Rg1 Rg8 29. Rg3 Rc7 30. Nh4 Ne7 31. Bb1 Rc6 32. f4 Rb6 33. Bd3 Rb2+ 34.
Re2 Rxe2+ 35. Bxe2 Rc8 36. Re3 Kg7 37. Bg4 Kf6 38. Nf3 Nf5 39. Bxf5 Kxf5 40.
Kg3 Rg8+ 41. Kf2 Kxf4 42. Ne5 Rc8 43. h4 Bg4 44. Nxf7 Rc6 45. Ne5 Ra6 46. Nd3+
Kf5 47. Nb4 Ra3 48. Kg3 Bd1 49. Nxd5 Rxa2 50. Re5+ Kg6 51. Re6+ Kf5 52. Re5+
Kg6 53. h5+ Kf7 54. Re7+ Kf8 55. Rxb7 Bxh5 56. Nf6 Bf7 57. Nd7+ Ke8 58. Ne5 Bd5
59. Rh7 Rc2 60. Rxa7 Rxc3+ 61. Kf4 Rc2 62. Ng4 Be6 63. Nxh6 Rh2 64. Kg5 Rf2 65.
Rc7 Kd8 66. Ra7 Ke8 67. Rb7 Rf1 68. Ra7 Rf2 69. Rb7 Rf1 70. Rc7 Kd8 71. Rc5 Ke7
72. Nf5+ Bxf5 73. Rxf5 Rd1 74. Rf4 Ke6 75. Kg4 Rd3 1/2-1/2

[Event "I Festival A"]
[Site "Lodi ITA"]
[Date "2005.06.12"]
[Round "5"]
[White "Korneev, Oleg"]
[Black "Di Paolo, Raffaele"]
[Result "1-0"]
[WhiteElo "2611"]
[BlackElo "2284"]
[PlyCount "55"]
[EventDate "2005.06.10"]

1. e4 c5 2. Nf3 Nc6 3. d4 cxd4 4. Nxd4 Qc7 5. Nc3 e6 6. Be3 a6 7. Qd2 Nf6 8.
O-O-O Ne5 9. f4 Nc4 10. Bxc4 Qxc4 11. e5 Nd5 12. Nxd5 Qxd5 13. Kb1 b5 14. Qf2
Bb7 15. Nf3 Qc6 16. f5 Be7 17. Rhf1 exf5 18. Nd4 Qxg2 19. Qxf5 Qg6 20. Qf4 Rc8
21. Nf5 Rc4 22. Bd4 h6 23. e6 dxe6 24. Qb8+ Bc8 25. Nxe7 Qxc2+ 26. Ka1 f6 27.
Qd6 Kf7 28. Nd5 1-0

[Event "I Festival A"]
[Site "Lodi ITA"]
[Date "2005.06.12"]
[Round "5"]
[White "Lazic, Miroljub"]
[Black "Cebalo, Miso"]
[Result "1/2-1/2"]
[WhiteElo "2500"]
[BlackElo "2507"]
[PlyCount "20"]
[EventDate "2005.06.10"]

1. d4 Nf6 2. Nf3 e6 3. e3 b6 4. Bd3 Bb7 5. Nbd2 c5 6. O-O Be7 7. b3 O-O 8. Bb2
Nc6 9. a3 Re8 10. Qe2 Bf8 1/2-1/2

[Event "I Festival A"]
[Site "Lodi ITA"]
[Date "2005.06.12"]
[Round "5"]
[White "Lucchese, Paolo"]
[Black "Vicari, Luigi"]
[Result "1-0"]
[WhiteElo "2014"]
[BlackElo "2072"]
[PlyCount "45"]
[EventDate "2005.06.10"]

1. e4 c5 2. Nf3 d6 3. d4 cxd4 4. Nxd4 Nf6 5. Nc3 g6 6. Bc4 Bg7 7. Be3 O-O 8. f3
Nc6 9. Qd2 Bd7 10. O-O-O Qa5 11. Bb3 Rfc8 12. h4 Ne5 13. h5 Rxc3 14. bxc3 Nxh5
15. Rxh5 gxh5 16. Bh6 Bxh6 17. Qxh6 Ng6 18. Kb1 Rc8 19. Ne2 Be6 20. f4 Bc4 21.
f5 Ne5 22. Rxd6 exd6 23. f6 1-0

[Event "I Festival A"]
[Site "Lodi ITA"]
[Date "2005.06.12"]
[Round "5"]
[White "Magrini, Fabrizio"]
[Black "Gabetto, Flaviano"]
[Result "1/2-1/2"]
[WhiteElo "1856"]
[BlackElo "2136"]
[PlyCount "73"]
[EventDate "2005.06.10"]

1. e4 e6 2. d4 d5 3. Nc3 Nf6 4. Bg5 Bb4 5. e5 h6 6. Bd2 Bxc3 7. bxc3 Ne4 8. Qg4
g6 9. h4 h5 10. Qf4 c5 11. Bd3 Nxd2 12. Kxd2 Nc6 13. Rh3 Qa5 14. Rf3 Rf8 15.
Ne2 cxd4 16. Bxg6 dxc3+ 17. Kd1 Qc7 18. Bxh5 Qxe5 19. Qxe5 Nxe5 20. Rxc3 Nc6
21. f4 Bd7 22. Kd2 Ke7 23. Bf3 Rad8 24. Rd1 f6 25. Kc1 Be8 26. f5 d4 27. Rb3 e5
28. Rxb7+ Kd6 29. Nc3 Bd7 30. Ne4+ Ke7 31. Nc5 Kd6 32. Ne4+ Ke7 33. Nc5 Kd6 34.
Nxd7 Rxd7 35. Bxc6 Kxc6 36. Rxd7 Kxd7 37. Rh1 1/2-1/2

[Event "I Festival A"]
[Site "Lodi ITA"]
[Date "2005.06.12"]
[Round "5"]
[White "Maksimenko, Andrei"]
[Black "Tiviakov, Sergei"]
[Result "1/2-1/2"]
[WhiteElo "2510"]
[BlackElo "2631"]
[PlyCount "21"]
[EventDate "2005.06.10"]

1. d4 Nf6 2. c4 e6 3. Nc3 Bb4 4. Qc2 c5 5. dxc5 Bxc5 6. Bf4 e5 7. Bd2 Nc6 8.
Nf3 O-O 9. Bg5 h6 10. Bxf6 Qxf6 11. e3 1/2-1/2

[Event "I Festival A"]
[Site "Lodi ITA"]
[Date "2005.06.12"]
[Round "5"]
[White "Martin, Joel"]
[Black "Salami, Marco"]
[Result "1/2-1/2"]
[WhiteElo "2047"]
[BlackElo "2206"]
[PlyCount "79"]
[EventDate "2005.06.10"]

1. e4 e6 2. d4 d5 3. Nd2 Nf6 4. e5 Nfd7 5. Bd3 c5 6. c3 Nc6 7. Ne2 cxd4 8. cxd4
f6 9. exf6 Nxf6 10. O-O Bd6 11. Nf3 Qc7 12. Bg5 O-O 13. Bh4 g6 14. Bg3 Nh5 15.
Bxd6 Qxd6 16. Ng3 Nxg3 17. hxg3 Qb4 18. Qb1 Rf6 19. g4 Nxd4 20. Ne5 Qd2 21. f4
Rxf4 22. Bxg6 Qe3+ 23. Kh1 Qxe5 24. Bxh7+ Kh8 25. Qg6 Bd7 26. Rxf4 Qxf4 27. Qh5
Kg7 28. Qg6+ Kf8 29. Qg8+ Ke7 30. Qxa8 Qh6+ 31. Kg1 Qxh7 32. Qxa7 Qe4 33. Qa3+
Kd8 34. Qa5+ Kc8 35. Qa8+ Kc7 36. Qa5+ Kb8 37. Qd8+ Bc8 38. Qd6+ Ka7 39. Qc5+
Kb8 40. Qd6+ 1/2-1/2

[Event "I Festival A"]
[Site "Lodi ITA"]
[Date "2005.06.12"]
[Round "5"]
[White "Martinez, Rolly"]
[Black "Perissinotto, Claudio"]
[Result "1/2-1/2"]
[WhiteElo "2414"]
[BlackElo "2098"]
[PlyCount "142"]
[EventDate "2005.06.10"]

1. e4 c5 2. Nf3 d6 3. d4 cxd4 4. Nxd4 Nf6 5. Nc3 g6 6. Be3 Bg7 7. f3 O-O 8. Qd2
Nc6 9. O-O-O d5 10. exd5 Nxd5 11. Nxc6 bxc6 12. Bd4 e5 13. Bc5 Be6 14. Ne4 Re8
15. Bc4 Qc7 16. h4 h5 17. g4 Nf4 18. Bxe6 Rxe6 19. Ng3 hxg4 20. h5 gxf3 21.
hxg6 fxg6 22. Ne4 Ree8 23. Qh2 Nh5 24. Rd6 Qf7 25. Kb1 Qf5 26. Qh4 Re6 27. Ng3
Qf6 28. Rxe6 Qxe6 29. Nxh5 gxh5 30. Qxh5 e4 31. Qh7+ Kf7 32. Rg1 Qe5 33. c3 Rd8
34. Qg6+ Kg8 35. Rg5 f2 36. Bxf2 Rd1+ 37. Kc2 Rd6 38. Rxe5 Rxg6 39. Rxe4 Rg2
40. Re2 Kf7 41. Kd3 a6 42. Bd4 Rxe2 43. Kxe2 Bf8 44. Kd3 Ke6 45. Kc4 Bd6 46.
Bc5 Bc7 47. Bf8 Bb6 48. Bg7 Kd6 49. Bd4 c5 50. Bf2 Kc6 51. Bh4 Bc7 52. Be7 Bb6
53. Kb3 Kb5 54. c4+ Kc6 55. Ka4 Bc7 56. Bf6 Bb6 57. Bc3 Bc7 58. Be1 Bd8 59. Kb3
Bc7 60. Kc2 Bd8 61. Kd3 Bc7 62. Ke4 Bb6 63. Ke5 Bd8 64. Ke6 Bc7 65. Ke7 Bb6 66.
Ke8 Bc7 67. Bh4 Be5 68. b3 Bc7 69. Bd8 Bf4 70. Ba5 Be5 71. Kd8 Bf4 1/2-1/2

[Event "I Festival A"]
[Site "Lodi ITA"]
[Date "2005.06.12"]
[Round "5"]
[White "Mercandelli, Claudio"]
[Black "Vecchia, Mario"]
[Result "0-1"]
[WhiteElo "2105"]
[BlackElo "2058"]
[PlyCount "90"]
[EventDate "2005.06.10"]

1. c4 Nf6 2. g3 g6 3. Bg2 Bg7 4. Nc3 O-O 5. d3 d6 6. e4 e5 7. Nge2 Nc6 8. O-O
Be6 9. Nd5 Qd7 10. Bg5 Ne8 11. b4 h6 12. Be3 f5 13. Rb1 Nf6 14. b5 Ne7 15.
Nxe7+ Qxe7 16. exf5 Bxf5 17. Bxb7 Bh3 18. Bxa8 Bxf1 19. Qxf1 Rxa8 20. Qg2 e4
21. Nc3 Re8 22. Nxe4 Nxe4 23. Qxe4 Qxe4 24. dxe4 Rxe4 25. Rc1 Bd4 26. Bxd4 Rxd4
27. c5 d5 28. c6 Kf7 29. Re1 Rb4 30. a4 Rxa4 31. Re5 Rd4 32. Kf1 g5 33. Ke2 Kf6
34. Re8 Re4+ 35. Rxe4 dxe4 36. Ke3 Ke5 37. h4 gxh4 38. gxh4 h5 39. Kd2 Kd4 40.
Ke2 Kc5 41. Ke3 Kxb5 42. Kxe4 Kxc6 43. Ke5 a5 44. f4 a4 45. Kd4 a3 0-1

[Event "I Festival A"]
[Site "Lodi ITA"]
[Date "2005.06.12"]
[Round "5"]
[White "Mrdja, Milan"]
[Black "Zanetti, Alberto"]
[Result "0-1"]
[WhiteElo "2373"]
[BlackElo "2224"]
[PlyCount "50"]
[EventDate "2005.06.10"]

1. e4 c5 2. Nf3 e6 3. d4 cxd4 4. Nxd4 a6 5. Bd3 Qc7 6. Qe2 Nc6 7. Nxc6 bxc6 8.
e5 d5 9. exd6 Bxd6 10. Nd2 Nf6 11. Nc4 Be7 12. Bd2 a5 13. O-O O-O 14. Bc3 c5
15. Be5 Qa7 16. a4 Ba6 17. f4 g6 18. g4 Nd5 19. f5 Bg5 20. fxe6 fxe6 21. Bg3
Ne3 22. Rxf8+ Rxf8 23. h4 Bxc4 24. hxg5 Bd5 25. c4 Rf3 0-1

[Event "I Festival A"]
[Site "Lodi ITA"]
[Date "2005.06.12"]
[Round "5"]
[White "Nelli, Carlo"]
[Black "Rombaldoni, Axel"]
[Result "0-1"]
[WhiteElo "2024"]
[BlackElo "2147"]
[PlyCount "94"]
[EventDate "2005.06.10"]

1. e4 c5 2. Nf3 Nc6 3. Bb5 g6 4. Bxc6 dxc6 5. d3 Bg7 6. a4 e5 7. O-O Qe7 8. a5
Nf6 9. Nbd2 Nd7 10. Nc4 Nf8 11. Bg5 f6 12. Bh4 g5 13. Bg3 Ng6 14. c3 Be6 15.
Ne3 Rd8 16. Nf5 Qd7 17. Nxg7+ Qxg7 18. Qc2 h5 19. h4 gxh4 20. Nxh4 Ne7 21. Qe2
Qg5 22. Qe3 Qg4 23. Qxc5 Ng6 24. Nxg6 Qxg6 25. a6 b6 26. Qe3 Rg8 27. Qf3 h4 28.
d4 hxg3 29. fxg3 Qxg3 30. Qxg3 Rxg3 31. Rxf6 Ke7 32. Rh6 Rdg8 33. Rh7+ R8g7 34.
Rxg7+ Rxg7 35. Kf2 Bc4 36. Ra3 Bd3 37. Kf3 Bf1 38. g3 Rf7+ 39. Ke3 Bg2 40. dxe5
Rf3+ 41. Kd4 Rxg3 42. c4 Rxa3 43. bxa3 Bh3 44. a4 c5+ 45. Kd5 Kd7 46. e6+ Bxe6+
47. Ke5 Bxc4 0-1

[Event "I Festival A"]
[Site "Lodi ITA"]
[Date "2005.06.12"]
[Round "5"]
[White "Polat, Cihan"]
[Black "Faccia, Sergio"]
[Result "1-0"]
[WhiteElo "2179"]
[BlackElo "1992"]
[PlyCount "49"]
[EventDate "2005.06.10"]

1. e4 e5 2. Nf3 f5 3. exf5 d6 4. Bc4 Bxf5 5. c3 d5 6. Bb5+ c6 7. Be2 Bd6 8. d3
Nf6 9. Nbd2 O-O 10. Nf1 e4 11. dxe4 Bxe4 12. Ng3 Nbd7 13. Nxe4 Nxe4 14. Be3
Ndf6 15. h3 Rc8 16. Nd4 Qe8 17. Nf5 Bb8 18. g4 c5 19. g5 Qe5 20. gxf6 Rxf6 21.
Qxd5+ Re6 22. Ne7+ Kh8 23. Qxe5 Rxe5 24. Nxc8 Re8 25. Bf3 1-0

[Event "I Festival A"]
[Site "Lodi ITA"]
[Date "2005.06.12"]
[Round "5"]
[White "Pulito, Alberto"]
[Black "Tencati, Giuseppe"]
[Result "1/2-1/2"]
[WhiteElo "2202"]
[BlackElo "2093"]
[PlyCount "33"]
[EventDate "2005.06.10"]

1. e4 e6 2. d4 d5 3. e5 c5 4. c3 Nc6 5. Nf3 Qb6 6. a3 c4 7. g3 Na5 8. Nbd2 Bd7
9. h4 Ne7 10. Bh3 Nb3 11. Nxb3 Ba4 12. O-O Qxb3 13. Qe2 Qc2 14. Bd2 h6 15. Rfc1
Qh7 16. Be3 Nc6 17. Nd2 1/2-1/2

[Event "I Festival A"]
[Site "Lodi ITA"]
[Date "2005.06.12"]
[Round "5"]
[White "Pylypchuk, Oleg"]
[Black "Verducci, Gianni"]
[Result "1/2-1/2"]
[WhiteElo "2065"]
[BlackElo "2081"]
[PlyCount "90"]
[EventDate "2005.06.10"]

1. e4 e6 2. d4 d5 3. Nd2 Nf6 4. e5 Nfd7 5. Bd3 c5 6. c3 Qb6 7. Ne2 Nc6 8. Nf3
cxd4 9. cxd4 Bb4+ 10. Bd2 Bxd2+ 11. Qxd2 Qb4 12. a3 Qxd2+ 13. Nxd2 Nb6 14. O-O
Bd7 15. b4 a6 16. Rfc1 Ke7 17. Nb3 Rhc8 18. Nc5 Rc7 19. Rc2 Rac8 20. Rac1 h6
21. f3 Kd8 22. Kf2 Na7 23. Nc3 Nb5 24. Nxd7 Kxd7 25. Nxb5 Rxc2+ 26. Rxc2 Rxc2+
27. Bxc2 axb5 28. Ke2 Nc4 29. a4 Kc6 30. a5 b6 31. axb6 Nxb6 32. Bh7 Kd7 33.
Bd3 Nc4 34. f4 Ke7 35. f5 Na3 36. Kf3 Nc4 37. Kf4 Na3 38. g4 Nc4 39. h4 Na3 40.
g5 hxg5+ 41. Kxg5 Nc4 42. h5 exf5 43. Bxf5 Nd2 44. Kf4 Nc4 45. Kg5 Nd2 1/2-1/2

[Event "I Festival A"]
[Site "Lodi ITA"]
[Date "2005.06.12"]
[Round "5"]
[White "Ranola, Yves"]
[Black "Molina, Fabrizio"]
[Result "0-1"]
[WhiteElo "2467"]
[BlackElo "2257"]
[PlyCount "54"]
[EventDate "2005.06.10"]

1. c4 c5 2. g3 Nc6 3. Bg2 g6 4. Nc3 Bg7 5. a3 e5 6. b4 d6 7. Rb1 Nge7 8. bxc5
dxc5 9. Qa4 f5 10. Nd5 O-O 11. d3 e4 12. dxe4 fxe4 13. Bxe4 Bf5 14. Bxf5 Rxf5
15. e4 Re5 16. f3 Nxd5 17. cxd5 Qxd5 18. Ne2 Qd3 19. Rxb7 Nd4 20. Nxd4 Rxe4+
21. fxe4 Qxe4+ 22. Kd2 Bh6+ 23. Kc3 cxd4+ 24. Kb2 Qxb7+ 25. Qb3+ Qxb3+ 26. Kxb3
Rb8+ 27. Ka4 Rb1 0-1